000 00679nam a22002177a 4500
005 20251108172948.0
008 250721s1988 xx 000 0 ara d
082 1 4 _a658/جاك
100 1 _aجاكسون، جون هـ
245 1 0 _aنظرية التنظيم : منظور كلي للإدارة /
264 1 _aالرياض :
_bمعهد الإدارة،
_c1988.
300 _a635ص
650 1 7 _aالإدارة
650 1 7 _aالتنظيم
650 1 7 _aالقرارات الإدارية
700 1 _aمورقان، سيريل ب
700 1 _aباوليلو، جوزيف ج .ب
700 1 _aزروق، خالد حسن
_etran.
942 _2ddc
_cBK
999 _c92873
_d92873